000 00278nam a22001217a 4500
008 170407b xxu||||| |||| 00| 0 eng d
041 _aeng
080 _23RD
_a616
100 _a9
101 _aSHM
245 _aMEDICOLEGAL INVESTIGATION OF DEATH
_cSPITZ, W.U
942 _2udc
_cBK
999 _c10218
_d10218